000 02600aam a2200481 i 4500
001 on1273197705
003 OCoLC
005 20251030162807.0
008 211004t20212021caua 000 0 eng d
010 _a 2021943495
020 _a9781984860392
_q(hbk.)
020 _a1984860399
_q(hbk.)
020 _a9781984859150
_q(pbk.)
020 _a1984859153
_q(pbk.)
035 _a(OCoLC)1273197705
040 _aICrlF
_beng
_erda
_cLNC
_dLNC
_dOCLCO
_dBBH
_dTnLvILS
043 _an-us---
082 _a321.9
092 _aadult graphic novel
_b321.9 Snyder, Timothy
100 1 _aSnyder, Timothy,
_eauthor.
_96021634
245 1 0 _aOn tyranny :
_btwenty lessons from the twentieth century /
_cTimothy Snyder ; illustrated by Nora Krug.
250 _a[First illustrated edition]
250 _aFirst graphic edition.
264 1 _a[Berkeley] California :
_bTen Speed Press,
_c[2021]
264 4 _c©2021.
300 _a127 pages :
_billustrations (some color) ;
_c27 cm.
336 _atext
337 _aunmediated
338 _avolume
500 _a"Originally published in paperback in different form by Tim Duggan Books, an imprint of Random House, a division of Penguin Random House LLC in 2017"--Colophon.
505 0 _aDo not obey in advance -- Defend institutions -- Beware the one-party state -- Take responsibility for the face of the world -- Remember professional ethics -- Be wary of paramilitaries -- Be reflective if you must be armed -- Stand out -- Be kind to our language -- Believe in truth -- Investigate -- Make eye contact and small talk -- Practice corporeal politics -- Establish a private life -- Contribute to good causes -- Learn from peers in other countries -- Listen for dangerous words -- Be calm when the unthinkable arrives -- Be a patriot -- Be as courageous as you can.
520 _aThe author argues that American society is leaning toward despotism and totalitarianism and looks back at the 20th century for examples of how totalitarianism has taken over before.
650 0 _aDespotism
_xHistory
_y20th century.
_96554678
650 0 _aAuthoritarianism
_xHistory
_y20th century.
_96554679
650 0 _aTotalitarianism
_xHistory
_y20th century.
_96554680
650 0 _aDictatorship
_xHistory
_y20th century.
_96554681
650 0 _aHistory, Modern
_y20th century.
_985349
650 0 _aPolitical culture
_zUnited States.
_9101466
650 0 _aDemocracy
_zUnited States.
_9100764
655 7 _aNonfiction comics.
_2lcgft.
_95724240
700 1 _aKrug, Nora,
_eillustrator.
_96475973
942 _2ddc
_cBOOK
999 _c413070
_d413070